=LDR 00000nam 2200000 4500 =001 INLIS000000000036488 =005 20130612142254 =008 ***********************************Ind** =035 ##$$0010-061300000036488 =041 ##$$a Ind =082 ##$$a 808.87 =090 ##$$a 808.87, Pra p =100 ##$$a Pranata, Xavier Quentin =245 ##$$a 100 ngakak anak, Xavier Quentin Pranata ; editor, Hernita P =260 ##$$a [s.a] $b Yogyakarta =300 ##$$a 67 hlm, 18 cm =650 ##$$a Humor =700 ##$$a Hernita P =850 ##$$a NBPNMAT =990 ##$$a 0001/BPAP-NTB/20142014 =990 ##$$a 0001/BPAP-NTB/20142015